[Event "Charlotte Fall-GM 2019"]
[Site "Charlotte"]
[Date "2019.12.01"]
[Round "8.4"]
[White "Jacobson, Brandon"]
[Black "Reshef, Omer"]
[Result "0-1"]
[WhiteElo "2452"]
[BlackElo "2461"]
[Annotator "TA"]
[PlyCount "114"]
[EventDate "2019.11.28"]
[EventType "tourn"]
[EventCountry "USA"]
[SourceTitle "playchess.com"]
[Source "ChessBase"]
[SourceQuality "1"]

{[%evp 15,114,30,29,39,41,24,22,15,24,12,32,33,33,17,20,14,43,37,31,23,103,97,121,98,111,108,123,143,97,61,197,188,453,447,470,139,137,127,483,475,460,210,215,212,216,230,263,158,160,142,213,150,179,189,183,143,142,150,146,138,136,97,86,99,136,122,135,0,0,-8,-8,-8,-8,-20,-32,-40,0,-8,-8,-52,-23,-913,-94,-94,-8,-18,-9,-589,-535,-4622,-4622,-12798,-6605,-4914,-4614,-29973,-29974,-29974,-29975,-29975,-29976]} 1. d4 d5 2. c4 c6 3. Nf3 Nf6 4. e3 Bf5 5. Nc3 e6 6. Nh4 Be4 7. f3 Bg6 8. Qb3 Qc7 9. Bd2 {D12: Slav Defence: 3 Nf3 Nf6 4 e3 Bf5} Be7 10. cxd5 (10. O-O-O dxc4 11. Bxc4 b5 12. Be2 a6 13. Nxg6 hxg6 14. Ne4 Nxe4 15. fxe4 c5 16. d5 exd5 17. exd5 {½-½ (38) Ding,L (2811)-Shankland,S (2705) chess.com INT 2019}) 10... cxd5 11. Nxg6 {The position is equal.} hxg6 12. O-O-O Nc6 13. Kb1 O-O 14. Rc1 Rfc8 15. Qd1 e5 16. g4 exd4 17. exd4 {[#]} Rd8 $146 (17... Nxd4 $11 18. Nb5 {[%mdl 64] Discovered Attack} Qe5) 18. h4 $16 Qb6 19. Be3 Na5 20. Ka1 Nc4 21. Bxc4 $1 dxc4 22. h5 Rac8 ({Black should play} 22... gxh5 $14 23. Qg1 Bb4) 23. Qc2 $1 $18 Qc6 $2 (23... Nd5 {was called for.}) 24. hxg6 Qxf3 25. Qh2 $2 (25. Rce1 $18) 25... fxg6 $16 26. Qe5 {Intending Qe6+ and mate.} Kf7 $2 {[%mdl 8192]} (26... Qxg4 $16 {is a better chance.} 27. Rhg1 (27. Qxe7 Re8 $16) 27... Qf5) 27. Rcf1 $18 Qxg4 28. Rhg1 ({Weaker is} 28. Nd5 Qe6 $11) (28. Rh7 $142 Qd7 29. Bh6) 28... Qh5 29. Bg5 Rc6 30. d5 Rcd6 31. Qf4 {Threatens to win with Rh1.} Qh3 32. Qxc4 Kg8 (32... Rc8 $16 {was worth a try.} 33. Qb3 (33. Qe4 Rxc3 34. Bxf6 Bxf6 $11) 33... Kg8) 33. Rh1 Qg2 34. Bf4 Rxd5 35. Rh2 b5 36. Rxg2 bxc4 37. Nxd5 Nxd5 38. Rd2 c3 39. bxc3 Bf6 40. Rf3 Rd7 41. Kb2 (41. Rg3 $16) 41... Rb7+ $1 $11 42. Kc2 Nxf4 43. Rxf4 {[%mdl 4096] Endgame KRR-KRB} Bg5 44. Rdd4 {Black must now prevent Rb4.} Bxf4 45. Rxf4 {KR-KR} Kh7 46. Kd3 g5 47. Ra4 Kg6 {Strongly threatening ...Kh5.} 48. Ke4 $2 {[%mdl 8192]} (48. c4 $11) 48... Kh5 $2 (48... Rf7 $1 $19 {[%cal Rf7f4] is more deadly. ...Rf4+ is the strong threat.} 49. Rd4 g4) 49. Kf3 $17 Rd7 (49... Rc7 $17 50. c4 a5 $1 {[%mdl 512]}) 50. c4 g4+ 51. Kf2 $2 {[%mdl 8192] [#]} (51. Kg3 $11 {and White is okay.}) 51... Kh4 $1 $19 52. c5 Kh3 53. Ra3+ Kh2 54. c6 Rf7+ 55. Ke2 g3 {Black mates.} 56. Ra5 g6 57. Rg5 g2 {Accuracy: White = 44%, Black = 48%.} 0-1

[Event "Charlotte Fall-GM 2019"]
[Site "Charlotte"]
[Date "2019.12.01"]
[Round "8.5"]
[White "Grinberg, Eyal"]
[Black "Yu, Jennifer"]
[Result "1-0"]
[WhiteElo "2472"]
[BlackElo "2278"]
[Annotator "TA"]
[PlyCount "103"]
[EventDate "2019.11.28"]
[EventType "tourn"]
[EventCountry "USA"]
[SourceTitle "playchess.com"]
[Source "ChessBase"]
[SourceQuality "1"]

{[%evp 13,103,24,30,28,27,22,28,18,30,21,48,0,37,12,0,6,33,12,16,23,25,16,50,0,9,21,10,17,45,31,47,39,62,50,75,50,68,76,62,64,100,29,89,60,79,63,58,70,75,40,45,56,44,42,118,127,102,100,153,154,268,154,154,142,325,322,569,380,360,378,371,371,355,329,364,372,675,318,314,267,280,296,700,693,665,681,29990,29991,29991,29992,29999,29993]} 1. e4 e5 2. Nf3 Nc6 3. Bb5 g6 4. O-O Bg7 5. c3 a6 6. Ba4 d6 7. h3 Nf6 8. Re1 {C60: Ruy Lopez: Unusual Black 3rd moves and 3...g6} O-O 9. d4 Bd7 10. Bc2 {White has an edge.} (10. Nbd2 h6 11. Nf1 Re8 12. Ng3 b5 13. Bc2 exd4 14. cxd4 Nb4 15. Bb1 c5 16. d5 a5 17. a3 Na6 18. Bf4 {1-0 (57) Ivanchuk,V (2726)-Mamedyarov,S (2799) Huaian 2017}) 10... h6 11. a4 $146 ({Predecessor:} 11. Nbd2 Nh5 12. Nf1 Re8 13. Be3 Qf6 14. N1h2 Kh7 15. Qd2 Qe7 16. Rad1 Rad8 {1-0 (65) Grandelius,N (2668)-Aabling Thomsen,J (2379) Helsingor 2018}) 11... Re8 12. Nbd2 (12. d5 $5 {[%cal Rd5c6]} Ne7 13. c4 $14) 12... Nh5 {[%cal Re5d4]} 13. Nc4 exd4 14. cxd4 d5 15. exd5 Nb4 16. Bb3 {And now Nce5 would win.} Nxd5 17. Rxe8+ (17. Nce5 {keeps more tension.} Be6 18. Nd3 Qf6 19. Bd2 c6 20. Nc5) 17... Bxe8 18. Nfe5 c6 19. Qf3 Qf6 20. Qe4 Qe7 21. Bd2 Nhf6 22. Qf3 Qc7 23. Rc1 Kh7 24. Ba5 b6 25. Bd2 Rd8 26. a5 {Hoping for axb6.} b5 27. Ne3 ({White should play} 27. Nb6 $1 $16) 27... Qb7 (27... Ne7 $11 {keeps the balance.} 28. Nc2 (28. Nxf7 Bxf7 29. Bxf7 Rxd4 $11) 28... Nf5) 28. N3g4 Rd6 29. Re1 Re6 30. Ne3 Qe7 31. Nxd5 Nxd5 32. Bxd5 cxd5 33. Qxd5 f6 (33... Bc6 $14 34. Qb3 (34. Nxc6 Rxe1+ 35. Bxe1 Qxe1+ 36. Kh2 Qxf2 $11) 34... f6) 34. Nf3 Rxe1+ 35. Bxe1 Bf7 (35... g5 $142) 36. Qc6 $16 Qe2 (36... Qe6 $16 37. Qb7 Bg8) 37. Qb7 ({But not} 37. Qxa6 $6 Qxb2 38. Qb7 Qa2 $18) (37. d5 $18) 37... Bc4 {[#]} 38. Bb4 $1 $36 {[%cal Rb4f8][%mdl 2048] White is on the roll.} Kh8 $2 (38... Qe6 $16) 39. Qxa6 $18 Qf1+ 40. Kh2 Bd5 {With the idea ...Bxf3.} 41. Qc8+ Kh7 {Black wants to play ...Bxf3.} 42. Qc2 f5 43. Bc5 Bf6 44. Qd2 Bd8 $2 (44... g5 45. a6 b4) 45. Bd6 (45. Qf4 $142 {Black must now prevent Qd6!} Bxf3 46. Qxf3 Bc7+ 47. g3) 45... Bxf3 46. gxf3 {Strongly threatening a6.} Bxa5 47. b4 ({Stronger than} 47. Qxa5 Qxf2+ 48. Kh1 Qxf3+ 49. Kg1 Qe3+ 50. Kh2 Qf2+ 51. Kh1 Qf3+ 52. Kg1 Qe3+ 53. Kg2 Qe2+ 54. Kg1 Qe3+ $11) 47... Bb6 $2 {[#]} (47... Bd8 48. d5 Qc4) 48. Qe3 $1 {[%cal Re3e7] Qe7+ would kill now.} Bd8 49. d5 Bg5 50. Qa7+ {White mates.} Kg8 51. Qb8+ Kf7 52. Qc7+ {Accuracy: White = 60%, Black = 31%.} 1-0

[Event "Charlotte Fall-GM 2019"]
[Site "Charlotte"]
[Date "2019.12.01"]
[Round "9.3"]
[White "Berczes, David"]
[Black "Jacobson, Brandon"]
[Result "1/2-1/2"]
[WhiteElo "2452"]
[BlackElo "2452"]
[Annotator "ChessBase"]
[PlyCount "51"]
[EventDate "2019.11.28"]
[EventType "tourn"]
[EventCountry "USA"]
[SourceTitle "playchess.com"]
[Source "ChessBase"]
[SourceQuality "1"]
[TimeControl "5400+30"]

1. d4 {[%emt 1:30:30]} Nf6 {[%emt 1:30:30]} 2. c4 {[%emt 0:00:30]} e6 {[%emt 0:00:30]} 3. Nf3 {[%emt 0:00:30]} d5 {[%emt 0:00:30]} 4. Nc3 {[%emt 0:00:30]} dxc4 {[%emt 0:00:30]} 5. e4 {[%emt 0:00:30]} Bb4 {[%emt 0:00:30]} 6. Bg5 {[%emt 0:00:30]} c5 7. Bxc4 {[%emt 0:00:30]} cxd4 {[%emt 0:01:00]} 8. Nxd4 {[%emt 0:00:30]} Bxc3+ {[%emt 0:00:30]} 9. bxc3 {[%emt 0:00:30]} Qa5 {[%emt 0:00:30]} 10. Bxf6 {[%emt 0:00:30]} Qxc3+ {[%emt 0:00:30]} 11. Kf1 {[%emt 0:00:30]} gxf6 {[%emt 0:00:30]} 12. Rc1 {[%emt 0:00:30]} Qa5 {[%emt 0:00:30]} 13. Bb5+ {[%emt 0:00:30]} Ke7 {[%emt 0:00:30]} 14. e5 {[%emt 0:00:30]} fxe5 {[%emt 0:00:30]} 15. Qh5 {[%emt 0:00:30]} Nd7 {[%emt 0:00:30]} 16. Qg5+ {[%emt 0:00:30]} Kf8 {[%emt 0:00:30]} 17. Rxc8+ {[%emt 0:00:30]} Rxc8 {[%emt 0:00:30]} 18. Bxd7 {[%emt 0:00:30]} Qd8 {[%emt 0:00:30]} 19. Nxe6+ {[%emt 0:00:30]} fxe6 {[%emt 0:00:30]} 20. Qh6+ {[%emt 0:00:30]} Kf7 {[%emt 0:00:30]} 21. Qxe6+ {[%emt 0:00:30]} Kg7 {[%emt 0:00:30]} 22. Qg4+ {[%emt 0:00:30]} Kh6 {[%emt 0:00:30]} 23. Qh3+ {[%emt 0:00:30]} Kg7 {[%emt 0:00:30]} 24. Qg4+ {[%emt 0:00:30]} Kh6 {[%emt 0:00:30]} 25. Qh3+ {[%emt 0:00:30]} Kg7 {[%emt 0:00:30]} 26. Qg4+ {[%emt 0:00:30]} 1/2-1/2

[Event "Charlotte Fall-GM 2019"]
[Site "Charlotte"]
[Date "2019.12.02"]
[Round "9.4"]
[White "Paragua, Mark"]
[Black "Wang, Kevin"]
[Result "1/2-1/2"]
[WhiteElo "2496"]
[BlackElo "2416"]
[Annotator "TA"]
[PlyCount "77"]
[EventDate "2019.11.28"]
[EventType "tourn"]
[EventCountry "USA"]
[SourceTitle "playchess.com"]
[Source "ChessBase"]
[SourceQuality "1"]

{[%evp 9,77,10,16,17,18,16,27,5,0,2,95,0,44,53,57,52,86,45,54,20,20,20,20,20,20,28,19,21,47,52,47,47,53,52,49,35,36,32,35,41,43,45,45,18,20,22,31,0,0,0,0,0,0,0,0,0,0,0,0,0,0,0,0,0,0,0,0,0,0,0]} 1. e4 c5 2. Nc3 a6 3. g3 b5 4. Bg2 Bb7 5. d3 e6 6. Nge2 {B23: Closed Sicilian: Lines without g3} (6. Nh3 d6 7. O-O b4 8. Ne2 Nf6 9. f4 Nbd7 10. Nf2 h5 11. h3 Qc7 12. a3 a5 13. c3 bxc3 14. bxc3 {0-1 (61) Predke,A (2632)-Fedorchuk,S (2633) Riga 2019}) 6... Nf6 7. O-O d5 8. exd5 {White has an edge.} Nxd5 9. Ne4 Nc6 (9... Be7 $11) 10. Nf4 (10. Bg5 $16 Qd7 11. c4) 10... Nxf4 11. Bxf4 Be7 12. Be3 Qb6 13. c3 $146 ({Predecessor:} 13. Qh5 Nd4 {0-1 (29) Gabrielian,A (2499)-Drygalov,A (2481) St Petersburg 2018}) 13... f5 $1 {[%cal Rf5e4]} 14. Nxc5 (14. Ng5 {with more complications.} Nd8 15. Bxb7 Qxb7 16. Qh5+ g6 17. Qh6) 14... Bxc5 15. d4 $1 {[%cal Rd4c5] [#]} Nxd4 $1 {[%mdl 512] And now ...Nc6 would win.} 16. Bxb7 (16. cxd4 Bxg2) 16... Qxb7 17. Bxd4 Bxd4 18. Qxd4 O-O 19. Rad1 f4 20. Rfe1 fxg3 21. hxg3 Rf6 22. Qe4 Qa7 23. Qe3 Qc7 24. Rd4 Raf8 25. Re2 Qf7 26. Rd6 e5 27. Rxf6 gxf6 $11 {[%mdl 4096] Endgame KQR-KQR} 28. f4 Re8 {The position is equal.} 29. b3 Qc7 30. Qf3 e4 31. Qe3 (31. Qh5 {keeps more tension.} Qd7 32. c4 bxc4 33. bxc4 Qd1+ 34. Kh2) 31... f5 32. Rd2 Rc8 33. Kh2 Qxc3 {[#]} 34. Rd8+ $3 {[%mdl 512]} Kg7 (34... Rxd8 35. Qxc3) 35. Qa7+ {[%mdl 64] Double Attack} Rc7 36. Rd7+ Rxd7 37. Qxd7+ {[%mdl 64] Double Attack} Kg6 38. Qe8+ Kg7 39. Qe7+ {Accuracy: White = 63%, Black = 71%.} 1/2-1/2

[Event "Charlotte Fall-GM 2019"]
[Site "Charlotte"]
[Date "2019.12.02"]
[Round "9.5"]
[White "Yu, Jennifer"]
[Black "Nakar, Eylon"]
[Result "0-1"]
[WhiteElo "2278"]
[BlackElo "2433"]
[Annotator "RC"]
[PlyCount "87"]
[EventDate "2019.11.28"]
[EventType "tourn"]
[EventCountry "USA"]
[SourceTitle "playchess.com"]
[Source "ChessBase"]
[SourceQuality "1"]
[TimeControl "5400+30"]

1. c4 {[%emt 1:30:30]} Nf6 {[%emt 1:30:30]} 2. Nc3 {[%emt 0:00:30]} e5 {[%emt 0:00:30]} 3. Nf3 {[%emt 0:00:30]} Nc6 {[%emt 0:00:30]} 4. g3 {[%emt 0:00:30]} d5 {[%emt 0:00:30]} 5. cxd5 {[%emt 0:00:30]} Nxd5 {[%emt 0:00:30]} 6. Bg2 {[%emt 0:00:30]} Nb6 {[%emt 0:00:30]} 7. O-O {[%emt 0:00:30]} Be7 {[%emt 0:00:30]} 8. d3 {[%emt 0:00:30]} O-O {[%emt 0:00:30]} 9. a3 {[%emt 0:00:30]} Be6 {[%emt 0:00:30]} 10. b4 {[%emt 0:00:30]} a5 {[%emt 0:00:30]} 11. b5 {[%emt 0:00:30]} Nd4 {[%emt 0:00:30]} 12. Rb1 {[%emt 0:00:30]} f6 {[%emt 0:00:30]} 13. Nd2 {[%emt 0:00:30]} Qc8 {[%emt 0:00:30]} 14. e3 {[%emt 0:00:30]} Nf5 {[%emt 0:00:30]} 15. Qc2 {[%emt 0:00:30]} Rd8 {[%emt 0:00:30]} 16. Rd1 {[%emt 0:00:30]} Nd6 {[%emt 0:00:30]} 17. a4 {[%emt 0:00:30]} Bg4 {[%emt 0:00:30]} 18. Re1 {[%emt 0:00:30]} Bh3 {[%emt 0:00:30]} 19. Bh1 {[%emt 0:00:30]} Nf7 {[%emt 0:00:30]} 20. Nc4 {[%emt 0:00:30]} Nxc4 {[%emt 0:00:30]} 21. dxc4 {[%emt 0:00:30]} c6 {[%emt 0:00:30]} 22. Bb2 {[%emt 0:00:30]} Qe6 {[%emt 0:00:30]} 23. Qe2 {[%emt 0:00:30]} Bg4 {[%emt 0:00:30]} 24. f3 {[%emt 0:00:30]} Bf5 {[%emt 0:00:30]} 25. Rbd1 {[%emt 0:00:30]} Bc5 {[%emt 0:00:30]} 26. Ne4 {[%emt 0:00:30]} Bxe4 {[%emt 0:00:30]} 27. fxe4 {[%emt 0:00:30]} Bb4 {[%emt 0:00:30]} 28. Rf1 {[%emt 0:00:30]} Rxd1 {[%emt 0:00:30]} 29. Rxd1 {[%emt 0:00:30]} Rd8 {[%emt 0:00:30]} 30. Rxd8+ {[%emt 0:00:30]} Nxd8 {[%emt 0:00:30]} 31. Bf3 {[%emt 0:00:30]} Qd6 {[%emt 0:00:30]} 32. Bg4 {[%emt 0:00:30]} g6 {[%emt 0:00:30]} 33. Bc1 {[%emt 0:00:30]} Kg7 {[%emt 0:00:30]} 34. h4 {[%emt 0:00:30]} Nf7 {[%emt 0:00:30]} 35. Kg2 {[%emt 0:00:30]} Kf8 {[%emt 0:00:30]} 36. Qf1 {[%emt 0:00:30]} Ke7 {[%emt 0:00:30]} 37. Be2 {[%emt 0:00:30]} Nd8 {[%emt 0:00:30]} 38. h5 {[%emt 0:00:30]} Nf7 {[%emt 0:00:30]} 39. hxg6 {[%emt 0:00:30]} hxg6 {[%emt 0:00:30]} 40. Qh1 {[%emt 0:00:30]} Bd2 {[%emt 0:00:30]} 41. c5 {[%emt 0:00:30]} Qd7 {[%emt 0:00:30]} 42. Kf2 {[%emt 0:00:30]} Ng5 {[%emt 0:00:30]} 43. bxc6 {[%emt 0:00:30]} bxc6 {[%emt 0:00:30]} 44. Bxd2 {[%emt 0:00:30]} 0-1